Computational methods for fluid dynamics

Uloženo v:
Podrobná bibliografie
Hlavní autoři: Ferziger, Joel H (Autor), Peric, Milovan (Autor)
Médium: Kniha
Jazyk:španělština
Vydáno: Berlín Springer 2002
Vydání:3a. ed
Témata:
Tagy: Přidat tag
Žádné tagy, Buďte první, kdo vytvoří štítek k tomuto záznamu!

MARC

LEADER 00000cam a2200000 a 4500
001 UCC4873
003 CL-VaPUC
008 180831e20020000gw |||||||||||||||||spa|d
020 |a 3540420746 
082 0 4 |a 532  |b FER  |2 21 
100 0 |a Ferziger, Joel H  |e author  |9 599078 
700 0 |a Peric, Milovan  |e author  |9 599079 
245 1 0 |a Computational methods for fluid dynamics 
250 |a 3a. ed 
300 |a 423 p 
942 |c BK 
945 |d 20180831 12:04:00  |a dcastane 
260 |a Berlín  |b Springer  |c 2002 
650 7 |a FLUIDOS DINAMICOS  |2 CL-VaPUC  |9 429077 
650 0 |a Modelos matemáticos   |9 259437 
650 0 |a Métodos numéricos  |9 259314 
650 0 |a Ecuaciones lineales   |9 342219 
583 |a last modification  |c 20180831 12:04:00  |k Rodrigo Vera 
999 |c 372258  |d 372256 
952 |0 0  |1 0  |3 erb  |4 0  |6 532_000000000000000_FER_2002  |7 0  |8 A  |9 489583  |a BIBING  |b BIBING  |i 549351K  |o 532 FER 2002  |p 549351K  |r 2025-01-20  |w 2019-11-24  |y BK  |z Catalogado en:20180831  |k CIC